00454 a2200157 4500050002200000100002700022245006700049264003800116300001000154500001900164650001600183651001700199700003000216700002400246700002600270 aKTL19.A35SOU 1985 aFisher David Seeditor aThe South African Law Reportsb1985 (3) AugustcDavid S Fisher aJohannesburg , SA :bJUTA, c1985 a727p. aIncludes index aLaw Reports aSouth Afirca aBrenda Badenhorsteeditor aNita Hanmereeditor aGideon HanmereEditor